| 000 | 00626nam a2200217Ia 4500 | ||
|---|---|---|---|
| 005 | 20250923144831.0 | ||
| 008 | 008 250917s9999 xx 000 0 eng d | ||
| 037 | _aTextual | ||
| 040 |
_aDSWL _beng _cDSWL |
||
| 041 |
_aeng _2eng |
||
| 084 |
_aX:97.2.N5, K1 _qDSWL |
||
| 100 |
_aKumar, B. _9828881 |
||
| 245 | 0 |
_aDevelopment off Industrial Relations in India _cby B. Kumar |
|
| 260 |
_aNew Delhi _bDelhiOrient Longmans Ltd. _c1961 |
||
| 300 | _axv,250p. | ||
| 365 |
_aINR _b15 |
||
| 700 |
_aAnstey Vera _9828882 |
||
| 925 | _g15 | ||
| 942 |
_cTEXL _hX:97.2.N5, K1 |
||
| 999 |
_c1443921 _d1443921 |
||